Criminal justice : a heart-pounding covert cop action adventure / Ian Robinson. (Record no. 22620)
| 000 -LEADER | |
|---|---|
| fixed length control field | 01386nam a22002057a 4500 |
| 020 ## - INTERNATIONAL STANDARD BOOK NUMBER | |
| ISBN | 180462182X (ebk) |
| 082 ## - DEWEY DECIMAL CLASSIFICATION NUMBER | |
| Classification number | 813.6 |
| Item number | R6619 2024 |
| 100 ## - MAIN ENTRY--AUTHOR NAME | |
| Personal name | Robinson, Ian, author. |
| 245 ## - TITLE STATEMENT | |
| Title | Criminal justice : a heart-pounding covert cop action adventure / Ian Robinson. |
| 260 ## - PUBLICATION, DISTRIBUTION, ETC. (IMPRINT) | |
| Place of publication | London : |
| Name of publisher | The Book Folks, |
| Year of publication | 2024. |
| 300 ## - PHYSICAL DESCRIPTION | |
| Number of Pages | 1 online resource, [196] pages. |
| 490 ## - SERIES STATEMENT | |
| Series statement | Status Drift (Book 2) |
| 520 ## - SUMMARY, ETC. | |
| Summary, etc | Undercover detective Sam Batford is through with police budget cuts and ineffectual superiors. But has he gone rogue? He is sent to work with a serious crime team in London to take down a big drugs boss. Their chief, DCI Klara Winter, doesn’t appreciate Batford’s presence. The feeling is entirely reciprocal. Batford has his eyes on the money, except when they are drawn to Stoner, an attractive blonde who is pivotal to the organised crime syndicate’s operations. Now embroiled in the gang, as Batford plays one side against the other, the risk of his cover being blown increases. This comes to a head when he is faced with the option of confession or torture. Who will have the last laugh in this high-octane battle of wits? |
| 650 ## - SUBJECT ADDED ENTRY--TOPICAL TERM | |
| Topical Term | Detective and mystery stories |
| 650 ## - SUBJECT ADDED ENTRY--TOPICAL TERM | |
| Topical Term | Police -- Fiction |
| 650 ## - SUBJECT ADDED ENTRY--TOPICAL TERM | |
| Topical Term | Criminal investigation -- Fiction |
| 650 ## - SUBJECT ADDED ENTRY--TOPICAL TERM | |
| Topical Term | Action and adventure fiction |
| 650 ## - SUBJECT ADDED ENTRY--TOPICAL TERM | |
| Topical Term | Adventure stories |
| 942 ## - ADDED ENTRY ELEMENTS (KOHA) | |
| Koha item type | Electronic Books |
| Source of acquisition | Permanent Location | Date acquired | Collection code | Koha item type | Lost status | Shelving location | Withdrawn status | Current Location | Full call number |
|---|---|---|---|---|---|---|---|---|---|
| Donation | Cagayan State University - Carig Library | 2026-04-16 | E-Books | Electronic Books | E-Resource Section | Cagayan State University - Carig Library | 813.6 R6619 2024 |